Klikkaa valtioiden alkukirjainta - A-Ö - Statistics

Yleistilastot
  • Tätä visaa on pelattu 5 352 kertaa
  • Keskiarvotulos 11 / 24
Vastaukset kartalla
Vastauksille on annettu kartalla punavihreä väri sen mukaan, kuinka moni on saanut sen oikein.
 
Vastaustilastot
Vastaus % Oikein
A
57%
B
56%
V
56%
S
55%
E
54%
M
54%
N
54%
I
53%
P
53%
R
53%
C
52%
K
51%
L
49%
U
49%
T
48%
J
47%
Y
47%
F
41%
O
40%
Q
38%
G
37%
Z
34%
D
33%
H
31%
Ehtoja vastaavia visoja ei löytynyt
Tulosjakauma
Jokaisen tuloksen saaneiden osuus
Persentiili vastausten määrän mukaan
Tuloshistoriasi
Et ole pelannut tätä visaa